| 000 | 00457cam a22001337a 4500 | ||
|---|---|---|---|
| 008 | 180718b2017 xxu||||| |||| 00| 0 eng d | ||
| 020 | _a0199470588 | ||
| 082 | _aC41x42 C361 | ||
| 100 | _aChandrachud, Chintan | ||
| 245 |
_aBalanced Constitutionalism : Court and legislatures in India and the United kingdom _cby Chintan Chandrachud |
||
| 260 |
_aNew Delhi _bOxford Uiversity press _c2017 |
||
| 300 | _a292p. | ||
| 650 | _aGreat Britain - Human Rights Act 1998 | ||
| 999 |
_c445861 _d445861 |
||